000 00648nam a2200181 4500
999 _c191218
_d191218
005 20220823121712.0
010 _aENG-134546
020 _a9788180521539
_c795.00
035 _aEN-118078
037 _bDBAD/PUB
082 _a025.4
245 _aShaping the future of special libraries:
_bbeyond boundaries/
_cEdited by S.M. Dhawan...[et.al]
260 _aNew Delhi
_bAne Books
_c2009
270 _a4821, Parwana Bhawan, 1st floor, 24 Ansari Road, Darya Ganj
_bNew Delhi
_e1100002
_k23276843-44
_l23276863
_mkapoor@anebooks.com
300 _axvi,656p.
_c24cm(pbk)
700 _aDhawan, S.M.
_eEditor
942 _2ddc
_cEN
_h025.4
_mSHA